00379nam a2200133 a 450008200190000010000210001924500320004026000440007230000090011650000350012550500440016065000200020470000210022400a909.04927bESP aEsposito, John L aThe Oxford History of Islam aNew YorkbOxford University Pressc1999 a749p aincludes index and biblioraphy2 aCommunal and Ethinic Violence in India. aIslamic-History1 aEsposito, John L